00851nam a2200205 a 450000100100000000500170001000800410002704000130006808200180008110000300009924500820012926000480021130000200025950400520027965000500033104900090038195201160039095201220050699900170062800001639720200929164416.0100304s1986 dr 000 0 spa d aDO-SdBNP a636.21bT266g1 aTejada C. Frank A.93656513aLa ganadería de la leche en la República Dominicana /cFrank A. Tejada C. aSanto Domingo :bEditora la Palabra,c1986. a44 p. ;c22 cm. aIncluye referencias bibliográficas (p. 43-44) 4aGanado lecherozRepública Dominicana936566 aBNPD 0010718PDaPDbPDcCTd2010-03-04iLF1l0o636.21 T266gp16397-10r2020-06-25w2020-06-25yLFPDZNo se presta 0010718PDaPDbPDcCTd2011-05-03iLF1l0o636.21 T266gp16397-20r2020-06-25te. 2w2020-06-25yLFPDZNo se presta c15932d15932